capitale du monde vraiment facile !! - Statistiques

Statistiques générales
  • Ce quiz a été pris 102 fois
  • Le résultat moyen est 12 sur 15
Statistiques - réponses
pays capitale % Correct
Espagne Madrid
100%
France Paris
100%
Italie Rome
100%
Allemagne Berlin
96%
Royaume-Unis Londres
95%
Russie Moscou
93%
Ukraine Kiev
91%
Japon Tokyo
88%
Brésil Brasilia
87%
Grèce Athènes
78%
Maroc Rabat
67%
Croatie Zagreb
58%
Afrique du sud Pretoria
42%
Arabie saoudite Riyad
40%
Birmanie Naypyidaw
14%
Aucun quiz correspondant
Distribution des résultats
% des personnes avec chaque résultat
Percentile par nombre de réponses
Votre historique - résultats
Vous n’avez pas pris ce quiz